000 00607nam a2200193Ia 4500
005 20250508162030.0
008 008 250505s9999 xx 000 0 eng d
037 _aDissertations
040 _aFEDL
_beng
_cFEDL
041 _aeng
_2eng
084 _a370.709 593, PHA/DI
_qFEDL
100 _aPhra Maha Chuen Phangcham
_9772111
245 0 _aCritical review of the development of teacher education in Thailand
260 _c1980
300 _a150p.
546 _aM. Ed. Dissertations, 1979-80 (Delhi University)
942 _cDIS
_h370.709 593, PHA/DI
999 _c1373948
_d1373948